000
00220nam a22000857a 4500
008
160915b xxu||||| |||| 00| 0 eng d
100
_9
509
_a
Gupta.A.D.
245
_a
Junior Maths-4
260
_a
New Delhi
_b
B.B. publications
_c
2011
999
_c
3166
_d
3166